logo

Bir Sreshtho Munshi Abdur Rouf Library
Jhenaidah Cadet College

Drilling practice / (Record no. 5530)

MARC details
000 -LEADER
fixed length control field 00554nam a2200217 a 4500
001 - CONTROL NUMBER
JCCL Control Number 5530
003 - CONTROL NUMBER IDENTIFIER
JCCL marc code BD-JhCC
005 - DATE AND TIME OF LATEST TRANSACTION
control field 20171217192342.0
008 - FIXED-LENGTH DATA ELEMENTS--GENERAL INFORMATION
fixed length control field 171217s r a|||| || | 00| 0 eng d
035 ## - SYSTEM CONTROL NUMBER
system control number (BD-JhCC)5530
040 ## - CATALOGING SOURCE
Original cataloging agency BD-JhCC
Modifying agency BD-JhCC
041 ## - LANGUAGE CODE
Language code of Book eng
082 ## - DEWEY DECIMAL CLASSIFICATION NUMBER
Classification number 621.952
Author mark and Year FRE
100 ## - MAIN ENTRY--PERSONAL NAME
Personal name Frenkel, I.Vinnikov, M.
245 ## - TITLE STATEMENT
Title Drilling practice /
Statement of responsibility, etc I.Vinnikov, M. Frenkel,
260 ## - PUBLICATION, DISTRIBUTION, ETC. (IMPRINT)
Place of publication, distribution, etc Moscow :
Name of publisher, distributor, etc Peace Publishers,
300 ## - PHYSICAL DESCRIPTION
Pagination 218 p. :
Other physical details ill. ;
Dimensions 21 cm.
650 ## - SUBJECT ADDED ENTRY--TOPICAL TERM
Topical term or geographic name as entry element Drilling and boring
942 ## - ADDED ENTRY ELEMENTS (KOHA)
Source of classification or shelving scheme Dewey Decimal Classification
Koha item type Books
Holdings
Source of classification or shelving scheme Damaged status Not for loan Home library Current library Shelving location Total Checkouts Full call number Barcode Date last seen Copy number Koha item type
Dewey Decimal Classification     JCC Rouf Library JCC Rouf Library General Stacks   621.952 FRA 7484 12/17/2017 C - 1 Books

JCC Library | Contacts | JCC Home

Last Update on 23 September 2017
Copyright @ 2017-2020 JCC Rouf Library
Rouf Library, Jhenidah Cadet College (JCC), Bangladesh